Регионална библиотека "Любен Каравелов" - Русе

Отключи ума си: стани гений! (Запис номер 155254)

MARC детайли
000 -Лидер
Контролно поле с фиксирана дължина 01865nam a2200421 c 4500
003 - Код на организацията, давaща контролен номер
Контролно поле BLK
005 - Дата и час на последна редакция
Контролно поле 20230105152941.0
008 - Елементи от данни с фиксирана дължина
fixed length control field 180410b bul|||||r ||||||| ||bul||
010 ## - Наследен системен номер
LC control number KNG00161928000
020 ## - Международен стандартен номер на книга ISBN
Международен стандартен номер на книга ISBN 978-954-8898-23-2
-- издат.: Асеневци
040 ## - Източник на каталожния запис
Идентификатор на билиотеката - собственик на записа BLK
041 ## - Код за език
Код за езика на текст/звукозапис или на отделно заглавие Български
Код за езика КДБФ Български
072 #7 - Код за тематичната категория
Код организация bullib
Код за тематична категория Н15
Текст Психология Н
080 ## - УДК
Текстов определител УДК
УДК код - определител по УДК 159.953/.955
УДК определител (035)
УДК - код + определител 159.953/.955(035)
080 ## - УДК
Текстов определител УДК Хипноза. Сугестия. - Хипнотизиране, внушение, самовнушение, автосугестия
УДК код - определител по УДК 159.962
УДК определител (035)
УДК - код + определител 159.962(035)
100 1# - Редна дума - Автор
Автор Мюлер, Станислав
Авторска отговорност първи автор
R(LIN) 321596
139 ## - Редно поле
Редна дума Мюлер, Станислав
Авторски знак Мю - М 98
245 10 - Сведения за заглавието
Заглавие Отключи ума си: стани гений!
Подзаглавни данни Технологии за супермислене и суперпамет
Редно поле (дума) Станислав Мюлер; прев. от рус. Таня Цолова.
257 ## - Страна на издаване
Страна на създаване/издаване Русия
260 ## - Област на издателските данни
-- с. Беляковец, Великотърновско
Име на издателя, разпространителя и проч. Асеневци
Година на издаване 2012
300 ## - Физическа характеристика
Страници 176 с.
Размери/Мащаб 22 см
380 ## - Жанр
Жанр Философия
500 ## - Общи забележки
Забележка Ориг. загл. Разблокируй свой ум: стань гением! / Ст. Мюллер. - Съдържа и за авт.
650 #4 - Допълнително описание по предмет – тема
Основно описание – тема или топоним Памет - наръчници и ръководства
9 (RLIN) 242264
650 #4 - Допълнително описание по предмет – тема
Основно описание – тема или топоним Мислене - наръчници и ръководства
9 (RLIN) 242265
650 #4 - Допълнително описание по предмет – тема
Основно описание – тема или топоним Интелект
9 (RLIN) 157292
653 ## - Ключова дума – ненормативна
Ключова дума памет
653 ## - Ключова дума – ненормативна
Ключова дума мислене
653 ## - Ключова дума – ненормативна
Ключова дума интелект
653 ## - Ключова дума – ненормативна
Ключова дума самовнушение
659 ## - Тематичен бюлетин
Тематичен бюлетин Н
700 1# - Други автори (авторска отговорност)
Лично име Цолова, Таня
Автороска отговорност (Описва отношението между автора и произведението) прев. от рус.
9 (RLIN) 377983
852 ## - Местоположение
Форматна сигнатура Цб 269305
856 4# - Електронен адрес и достъп
Електронен формат pdf - файл
Път до файла /url/
856 4# - Електронен адрес и достъп
Електронен формат pdf - файл
Път до файла /url/
942 ## - АРТИКУЛИ
Вид на библиотечния материал Книги
Скрит в OPAC Не
Koha issues (borrowed), all copies 17
944 ## - СЪЗДАВАНЕ И РЕДАКЦИЯ на ЗАПИСА
Създаване/Редакция Създаване
Дата на регистрацията/редакция 11.06.2014
Статус, дата на статуса ф /
Служител, извършил регистрацията/редакцията Людмила_Стоянова
944 ## - СЪЗДАВАНЕ И РЕДАКЦИЯ на ЗАПИСА
Създаване/Редакция Редакция
Дата на регистрацията/редакция 24.01.2018
Статус, дата на статуса ф /
Служител, извършил регистрацията/редакцията Людмила_Стоянова
999 ## - СИСТЕМНИ КОНТРОЛНИ НОМЕРА
Koha biblionumber 155254
Koha biblioitemnumber 155254
Наличности
Код за отписване Код за изгубен артикул Източник на класификационната схема Код за повреда Коз за рестрикции Код за отдаване Артикулен № Име на библиотеката - собственик Име на библиотеката, в която се намира в момента Статус (Текущо местоположение) Дата на вписване в системата Местоположение - отдел Цена в лева Инвентарен номер Систематично азбучна сигнатура Баркод Номер на екземпляра Цена в евро Служебна бележка Служебен тип на артикула
  Не е изгубен Universal Decimal Classification Не е повреден без рестрикции заемане за дома 260327 Регионална библиотека "Любен Каравелов" Русе Регионална библиотека "Любен Каравелов" Русе Заемна - подръчен фонд 2014-06-12 Заемна - подръчен фонд 13.85 120000778183 159.95/М 98 С 120000778183 1 7.08 Дост: Pk Вид: Ф N: 400 Дата: 09.06.2014 Дата инв: 01.02.2018 Бележки инв: П2018 Книги
  Не е изгубен Universal Decimal Classification Не е повреден без рестрикции заемане за дома 260328 Регионална библиотека "Любен Каравелов" Русе Регионална библиотека "Любен Каравелов" Русе Заемна - подръчен фонд 2017-12-15 Заемна - подръчен фонд 4.00 120000818199 159.95/М 98 С 120000818199 2 2.05 Дост: Pk Вид: Ф N: 498 Дата: 15.12.2017 Дата инв: 21.02.2018 Бележки инв: П2018 Книги
Vip Innovations Ltd, Rousse, Bulgaria 2025